Т. 47, № 1; Теоретические основы химической технологии

Dades bibliogràfiques
Parent link:Теоретические основы химической технологии/ Российская академия наук (РАН), Институт общей и неорганической химии им. Н. С. Курнакова (ИОНХ). Т. 47, № 1.— , 1967-
Idioma:rus
Publicat: 2013
Format: Llibre
KOHA link:https://koha.lib.tpu.ru/cgi-bin/koha/opac-detail.pl?biblionumber=501225

MARC

LEADER 00000nam2a2200000 4500
001 501225
005 20231101102104.0
035 |a (RuTPU)RU\TPU\prd\171284 
090 |a 501225 
100 |a 20130318a19679999k y0rusy50 ca 
101 0 |a rus 
102 |a RU 
200 0 |a Т. 47, № 1 
210 |d 2013 
461 1 |0 (RuTPU)RU\TPU\prd\375  |t Теоретические основы химической технологии  |f Российская академия наук (РАН), Институт общей и неорганической химии им. Н. С. Курнакова (ИОНХ)  |v Т. 47, № 1  |d 1967- 
801 0 |a RU  |b 63413507  |c 20010227  |g PSBO 
801 1 |a RU  |b 63413507  |c 20130318 
801 2 |a RU  |b 63413507  |c 20230619  |g RCR 
942 |c BK 
999 |a НТБ_ТПУ  |b НФ  |e -1/20130109  |p П-7712  |s 5/20121010  |u 0,00  |v 1